Svietidlo

Na minha lista:
Detalhes bibliográficos
Autor principal: Baňáková, Tatiana, 1988- (Author)
Outros Autores: Humaj, Peter, 1952- (Thesis advisor)
Formato: Manuscrito Livro
Idioma:eslovaco
Publicado em: Bratislava : STU v Bratislave FA, 2013
Assuntos:
Acesso em linha:VAIS
Tags: Adicionar Tag
Sem tags, seja o primeiro a adicionar uma tag!

MARC

LEADER 00000ntm a22000003a 4500
001 stu268880
005 20210318094528.1
008 130619s2013----xo------------------slo-d
040 |a STU  |b slo 
041 0 |a slo 
044 |a xo 
100 1 |a Baňáková, Tatiana,  |d 1988-  |4 aut  |u A  |T FAD Fakulta architektúry  |X 68905  |U A  |Y 50  |7 A000068905 
242 0 0 |a Lighting Device  |y eng 
245 1 |a Svietidlo 
260 |a Bratislava :  |b STU v Bratislave FA,  |c 2013 
650 7 |a Product Design  |2 estusub 
650 7 |a shape  |2 estusub 
650 7 |a design  |2 estusub 
650 7 |a lamp  |2 estusub 
650 7 |a material  |2 estusub 
650 7 |a technology  |2 estusub 
650 7 |a variabilita  |2 stusub 
650 7 |a tvar  |2 stusub 
650 7 |a dizajn  |2 stusub 
650 7 |a technológia  |2 stusub 
650 7 |a materiál  |2 stusub 
650 7 |a modul  |2 stusub 
700 1 |a Humaj, Peter,  |d 1952-  |4 ths  |u A9190  |U FAD Fakulta architektúry  |U FAD Fakulta architektúry  |T FA Ústav dizajnu  |X 429  |U A9190  |Y 400  |7 A000000429 
856 4 |a info a plný text  |u http://is.stuba.sk/zp/portal_zp.pl?podrobnosti=70485  |u https://opac.crzp.sk/?fn=detailBiblioForm&sid=8ED2C2B0C8CAA517FF680F85FDCF  |3 VAIS